Quiz on Hinduism - Multiple Choice - Statistics

General Stats
  • This quiz has been taken 2,764 times
  • The average score is 8 of 15
Answer Stats
Question Answer % Correct
Which sacred symbol of Hinduism resembles the Nazi icon of hooked cross? Swastika
88%
Hinduism, along with Buddhism, Sikhism and Jainism, are called __________ religions. Dharmic
70%
Which of the following is not present in Hinduism? All of the above
69%
Which of the philosophical school of Hinduism prescribe "Bhakti" or Worship? Vedānta (Post Veda) School
68%
The tongue logo of Rolling Stone band was inspired by which Hindu deity? Kali
62%
A branch of Yoga, a meditation technique of Hinduism, is popular worldwide as? Physical Exercise
62%
Who among the Hindu Trinity is considered as the Preserver of universe? Vishnu
62%
Can the follower of Hinduism be an atheist? Yes
61%
The Mughal invader, Babur, demolished the temple at the birthplace of this Hindu deity, in Ayodhya city, to built a mosque Rama
51%
From which mythological bird of Hinduism is the national emblem of Indonesia derived from? Garuda
46%
How can the followers of Hinduism classified as? Any of the above
45%
Which country has the highest percentage of Hindu population? Nepal
44%
Hindu practitioners refer to their religion as Sanātana Dharma. What does it mean? Eternal way
34%
Which country, outside South Asia, has highest number of people practicing Hinduism? Indonesia
30%
Which Hindu temple complex, also an UNESCO world heritage site, is know for its erotic sculptures on temple walls? Khajuraho
29%
No matching quizzes found
Score Distribution
Percent of People with Each Score
Percentile by Number Answered
Your Score History
You have not taken this quiz